[Event "Orsha op-A 21st"]
[Site "Orsha"]
[Date "2023.01.22"]
[Round "5"]
[White "Moskalenko, Alexander"]
[Black "Boykov, Pavel"]
[Result "1-0"]
[WhiteElo "2482"]
[BlackElo "2015"]
[PlyCount "59"]
[EventDate "2023.01.19"]
[EventType "swiss"]
[EventRounds "9"]
[EventCountry "BLR"]
[SourceTitle "CBM 212 Extra"]
[Source "ChessBase"]
[SourceDate "2023.03.31"]
[SourceVersion "1"]
[SourceVersionDate "2023.03.31"]
[SourceQuality "1"]

1. Nf3 c5 2. c4 Nc6 3. d4 cxd4 4. Nxd4 g6 5. e4 Bg7 6. Be3 Nf6 7. Nc3 d6 8. Be2 0-0 9. 0-0 Nxd4 10. Bxd4 Bd7 11. Qd2 Bc6 12. f3 Qa5 13. Rab1 Rfc8 14. Rfc1 Qd8 15. b4 Qf8 16. Be3 Bd7 17. c5 Be6 18. cxd6 exd6 19. Nb5 Rxc1+ 20. Rxc1 d5 21. e5 Nd7 22. f4 a6 23. Nc7 Rc8 24. Bf3 a5 25. Bxd5 Bxd5 26. Qxd5 Qd8 27. e6 Nf6 28. exf7+ Kh8 29. Qxd8+ Rxd8 30. Ne6 1-0